000 00628nam a22001817a 4500
005 20251108171913.0
008 250721s2003 xx 000 0 ara d
082 1 4 _a371.2/سلا
100 1 _aسلامة، ياسر خالد
245 1 0 _aالإدارة المدرسية الحديثة :
_bمهاراتها و معاييرها و المدير الفعال و إقتراع القيادة /
264 1 _aعمان :
_bدار عالم الثقافة،
_c2003.
300 _a222ص.
650 1 7 _aالإدارة
650 1 7 _aالتربية
650 1 7 _aالإدارة التربوية
942 _2ddc
_cBK
999 _c65574
_d65574